01397nam a2200349 a 4500001001200000003000800012006001900020007001500039008004100054010001700095020001500112020001800127020002700145040002100172035002100193050002600214082001900240100001800259245012700277260007900404300002400483490002600507504005100533533015200584650004000736650002500776650004700801655002900848710001700877830002700894856012600921ebr10516653CaPaEBRm u cr cn|||||||||950515s1996 vauad sb 001 0 eng d z 95022159  z1563471140 z9781563471148 z9781600861185 (e-book) aCaPaEBRcCaPaEBR a(OCoLC)29741096914aTL671.6b.L597 1996eb04a629.134/312201 aLomax, Ted L.10aStructural loads analysis for commercial transport aircrafth[electronic resource] :btheory and practice /cTed L. Lomax. aReston, Va. :bAmerican Institute of Aeronautics and Astronautics,cc1996. axvi, 280 p. :bill.1 aAIAA education series aIncludes bibliographical references and index. aElectronic reproduction.bPalo Alto, Calif. :cebrary,d2013.nAvailable via World Wide Web.nAccess may be limited to ebrary affiliated libraries. 0aAirframesxDesign and construction. 0aStructural dynamics. 0aTransport planesxDesign and construction. 7aElectronic books.2local2 aebrary, Inc. 0aAIAA education series.40uhttp://site.ebrary.com/lib/rucke/Doc?id=10516653zAn electronic book accessible through the World Wide Web; click to view